Statistics for All Formula One Constructors

Click here to take the quiz!

General Stats

  • This quiz has been taken 63 times
  • The average score is 35 of 142

Answer Stats

Country Licensed InYears Competed InTeam Name% Correct
Italy1950-presentFerrari
100%
United Kingdom1966-presentMcLaren
100%
Germany1954-1955, 2010-presentMercedes
100%
Rhodesia1965RE
100%
Austria2005-presentRed Bull
100%
Switzerland1950-1951, 1979-1985, 2019-presentAlfa Romeo
96%
United States2016-presentHaas
96%
United Kingdom1978-presentWilliams
93%
Italy2020-presentAlpha Tauri
91%
France2021-presentAlpine
91%
United Kingdom1959-1960, 2021-presentAston Martin
89%
France/United Kingdom1977-1985, 2002-2011, 2016-2020Renault
83%
Switzerland/Germany1993-2018Sauber/BMW Sauber
78%
Italy2006-2019Toro Rosso
76%
India2008-2018Force India
72%
United Kingdom1958-1994Lotus
70%
Malaysia2010-2011Lotus
70%
United Kingdom2012-2015Lotus
70%
United Kingdom1962-1987, 1989-1992Brabham
63%
Japan1964-1968, 2006-2008Honda
61%
United Kingdom/Italy1986-2001Benetton
59%
United Kingdom2009Brawn
59%
United Kingdom2019-2020Racing Point
59%
United Kingdom2000-2004Jaguar
57%
Italy1985-2005Minardi
57%
Ireland1991-2005Jordan
54%
Italy1950-1960Maserati
54%
Germany1957-1964Porsche
52%
United Kingdom1970-1998Tyrrell
52%
United Kingdom/Russia2012-2015Marussia
50%
France1997-2001Prost
48%
United Kingdom1954-1960Vanwall
48%
Japan2002-2009Toyota
46%
United Kingdom1997-1999Stewart
41%
United Kingdom1978-2002Arrows
37%
Malaysia2012-2014Caterham
37%
France1967-1972Matra
35%
Germany1985-1989Zakspeed
35%
France1976-1996Ligier/Talbot Ligier
33%
United Kingdom2016Manor
30%
Netherlands2007Spyker
28%
United Kingdom1981-1985Toleman
28%
United Kingdom1970-1977, 1981-1982, 1987-1989, 1992March
26%
Italy1992Andrea Moda
24%
United Kingdom1990-1991Leyton House
24%
United Kingdom/Russia2010-2011Virgin
24%
Canada1977-1979Wolf
24%
Italy1954-1955Lancia
22%
United Kingdom1962-1963, 1967-1968, 1974-1975, 1985-1991, 1993, 1997Lola
22%
France1956Bugatti
20%
Russia2006Midland
20%
Japan2006-2008Super Aguri
20%
United Kingdom1970-1978Surtees
20%
United Kingdom1999-2005British American Racing
17%
Italy1987-1991Coloni
17%
Italy1988-1992Dallara
17%
Italy1995-1996Forti
17%
United Kingdom1975Hill
17%
Italy1990Life
17%
United Kingdom1994-1995Pacific
17%
United Kingdom1989-1990Onyx
15%
United States/United Kingdom1973-1980Shadow
15%
Italy1961-1963, 1970De Tomaso
13%
United Kingdom1973-1982Ensign
13%
Italy1988-1990EuroBrun
13%
United States1959Kurtis
13%
Italy1980-1990Osella
13%
United States1974-1977Penske
13%
United Kingdom1994-1995Simtek
13%
Hong Kong1978, 1981-1983Theodore
13%
United States1966-1969Eagle
11%
Italy1991-1992Fondmetal
11%
Japan1974-1976Maki
11%
Italy1978-1979Merzario
11%
Germany1988-1989Rial
11%
France1992Venturi
11%
United Kingdom1952Aston Butterworth
9%
United Kingdom1951, 1956-1977British Racing Motors
9%
France1952-1956Gordini
9%
Japan1976-1977Kojima
9%
United Kingdom1977LEC
9%
United States1974-1976Parnelli
9%
United Kingdom1983-1985RAM
9%
United Kingdom1983-1985Spirit
9%
United Kingdom1950-1952Alta
7%
New Zealand1974Amon
7%
United Kingdom1950-1952English Racing Automobiles
7%
France1978Martini
7%
Italy1951-1953, 1958O.S.C.A.
7%
Mexico1979Rebaque
7%
France1950-1951Talbot-Lago
7%
Italy1955Arzani-Volpini
4%
Germany1959-1960Behra-Porsche
4%
Switzerland1970-1971Bellasi
4%
United Kingdom1963-1964British Racing Partnership
4%
Germany1972Eifelland
4%
United Kingdom1956, 1961-1962Emeryson
4%
Italy1989FIRST
4%
Brazil1975-1982Fittipaldi Automotive
4%
United Kingdom1972-1976Frank Williams Racing Cars
4%
United Kingdom1959Fry
4%
East Germany1953Greifzu
4%
United Kingdom1959-1961JBW
4%
Germany1954Klenk
4%
South Africa1962-1963, 1965, 1967-1968LDS
4%
United States1960Scarab
4%
United Kingdom1966Shannon
4%
Canada1963Stebro
4%
Italy1972-1973Tecno
4%
United Kingdom1974Token
4%
United Kingdom1974Trojan
4%
Germany1951-1953Veritas
4%
Germany1952-1953Alex von Falkenhausen Moterenbau
2%
South Africa1963, 1965Alfa Special
2%
Switzerland1977Apollon
2%
France1986-1991Automobiles Gonfaronnaises Sportives (AGS)
2%
Italy1963Automobili Turismo e Sport
2%
Germany1977-1984Auto Technisches Spezialzubehor (ATS)
2%
Netherlands1976-1977Boro
2%
Italy1952Casitalia
2%
United Kingdom1952-1959Connaught
2%
United Kingdom1972Connew
2%
United Kingdom1950, 1952-1969Cooper Car Company
2%
United Kingdom1964Derrington-Francis
2%
Belgium1962Ecurie Nationale Belge
2%
East Germany1953Eisenacher Moterenwerk
2%
United Kingdom1961Ferguson Research Ltd.
2%
United Kingdom1952Frazer-Nash
2%
United Kingdom1961-1963Gilby Engineering
2%
Spain2010-2012HRT (Hispania Racing Team)
2%
United Kingdom1951-1955HWM
2%
Germany1979Kauhsen
2%
Italy1991Lambo (Modena Team)
2%
United Kingdom1974-1975Lyncar
2%
Switzerland1961MBM
2%
Australia1977McGuire
2%
Italy1950Milano
2%
United Kingdom2018Racing Point Force India
2%
United Kingdom1963-1964Scirocco
2%
France1950-1053Simca-Gordini
2%
Italy1950SVA
2%
United States1959Tec-Mec
2%

Score Distribution

Percentile by Number Answered

Percent of People with Each Score

Your Score History

You have not taken this quiz